000 00412nji a22001697a 4500
003 koha_MIRAKIL
005 20231213065243.0
008 231213b |||||||| |||| 00| 0 ||| d
020 _b9-60403195-3
040 _aTR-IsEVY
_btur
_cTR-IsEVY
082 _a420 SWA/A
100 _aSWAN, JOANNE.
245 0 _aALADDIN AND THE LAMP.
260 _bNEW EDITIONS,
_c2004
650 _aİngiliz Dili.
942 _2ddc
_cAU
999 _c509
_d509